1989 Progress Report - Asian Vegetable Research and Development Center
Gardado en:
| Autor Principal: | |
|---|---|
| Formato: | Libro |
| Idioma: | Undetermined |
| Publicado: |
Taipei
AVRDC
1990
|
| Những chủ đề: | |
| Các nhãn: |
Engadir etiqueta
Sen Etiquetas, Sexa o primeiro en etiquetar este rexistro!
|
| Thư viện lưu trữ: | Trung tâm Học liệu Trường Đại học Cần Thơ |
|---|
| LEADER | 00494nam a2200181Ia 4500 | ||
|---|---|---|---|
| 001 | CTU_30144 | ||
| 008 | 210402s9999 xx 000 0 und d | ||
| 082 | |a 631 | ||
| 082 | |b A832/1989 | ||
| 100 | |a AVRDC | ||
| 245 | 0 | |a 1989 Progress Report - Asian Vegetable Research and Development Center | |
| 245 | 0 | |c AVRDC | |
| 260 | |a Taipei | ||
| 260 | |b AVRDC | ||
| 260 | |c 1990 | ||
| 650 | |a crops - improvement | ||
| 904 | |i Liên, 990308 | ||
| 980 | |a Trung tâm Học liệu Trường Đại học Cần Thơ | ||